| 000 | 01127nam a22001937a 4500 | ||
|---|---|---|---|
| 999 |
_c77281 _d77281 |
||
| 005 | 20210325214659.0 | ||
| 008 | s2558 th tha d | ||
| 040 | _aNALT | ||
| 041 | _atha | ||
| 050 | _aIS 8/2558 24 | ||
| 100 | 0 | _aวนิษา สวมประคำ | |
| 245 | 1 | 0 | _aการเพิ่มประสิทธิภาพการให้บริการการเบิกจ่ายค่าใช้จ่ายในการเดินทางไปราชการในประเทศของคณะกรรมาธิการ สภานิติบัญญัติแห่งชาติ |
| 260 | 3 |
_aกรุงเทพฯ : _bสถาบันพระปกเกล้า, _c2558 |
|
| 300 |
_a40 หน้า : _b ตาราง ; _c 29 ซม. |
||
| 650 | 0 | 4 | _aคณะกรรมาธิการ สภานิติบัญญัติแห่งชาติ -- ค่าใช้จ่ายในการเดินทาง |
| 850 | _aNALT | ||
| 942 |
_cIS _04 _2local |
||